000 00376nam a2200145 i 4500
001 bg
100 1 _aSTANKIEWICZ, H.
245 0 _aZabezpieczenie budowli przed wilgocią, wodą gruntową i korozją /
_cH. Stankiewicz.
250 _aWyd.4 zmien.
260 _aWarszawa,
_c1984.
040 _cBPK
041 _apol
942 _cKS
008 s pl f |000 0 pol
999 _c5107
_d5107
856 _uhttp://koha.tu.koszalin.pl/cgi-bin/koha/opac-detail.pl?biblionumber=5107
_yKatalog online BPK